LEADER 01023nam a2200253 4500 001 000000332744 003 CaOOAMICUS 005 20190403174309.0 008 190311s2018 it o 000 u ita r 020 $a978-88-933536-8-7 040 $aSeMil$bita 245 13$aLa Cattolica giovani e generazioni /$ca cura di Giuseppe Colombo. 264 1$aMilano :$bEDUCatt,$c2018. 300 $a366 p. :$bill. ;$c27 cm 541 1 $aFondo mons. Mario Delpini 650 4$aMilano - Università Cattolica del Sacro Cuore.$0(OLS)http://semarc/subject/9811 700 1 $aColombo, Giuseppe,$c.$0(OLS)http://semarc/name/376 850 $aSeMil 852 $aSeMil$W1$xVenegono$y1$m1Q VI 13$j212572$B225701$CSeMilBibl$Z2$F225701 $81 941 1 $a7 996 $6020$a978-88-933536-8-7$9(OLS)http://semarc/number/286722 996 $6245$aLa Cattolica giovani e generazioni$9(OLS)http://semarc/title/421804 996 $6264$aMilano :$bEDUCatt$9(OLS)http://semarc/publisher/42878 LEADER 01118nam a2200253 i 4500 001 000000110140 003 CaOOAMICUS 005 20030923000000.0 008 030923s1999 it u000 u ita u 013 $a82821 020 $a88-343-0383-0 040 $aSeMil$bita 245 14$aGli artigiani del futuro :$bda un progetto di ricerca a un percorso formativo /$ca cura di Vincenzo Cesareo, Maurizio Ambrosini. 260 $aMilano :$bVita e Pensiero,$c1999. 300 $a276 p. ;$c22 cm. 490 0 $aLeggere la società ;$v34 650 4$aArtigiani - Formazione professionale.$0(OLS)http://semarc/subject/19585 830 0$aLeggere la società ;$v34.$0(OLS)http://semarc/title/10601 850 $aSeMil 852 $aSeMil$W1$xVenegono$y1$m3M III 33$j66056$B66056$CSeMilBibl$Z2$F83910 $81 961 $aOmaggio: Colasanto Prof. Michele 996 $6020$a88-343-0383-0$9(OLS)http://semarc/number/91792 996 $6245$aGli artigiani del futuro :$bda un progetto di ricerca a un percorso formativo$9(OLS)http://semarc/title/160069 996 $6260$aMilano :$bVita e Pensiero$9(OLS)http://semarc/publisher/29642